The Book of the Dead: the papyrus of Ani.
Saved in:
| Main Author: | |
|---|---|
| Format: | Book |
| Language: | English |
| Published: |
London, England, United Kingdom
The Medici Society, Ltd
1913
|
| Series: | The Book of the Dead
|
| Subjects: | |
| Tags: |
Add Tag
No Tags, Be the first to tag this record!
|
MARC
| LEADER | 00000nam a2200000 a 4500 | ||
|---|---|---|---|
| 001 | UCJ6559 | ||
| 003 | CL-VaPUC | ||
| 005 | 20240611105638.0 | ||
| 008 | 070124e19130000UK |||||||||||||||||eng|d | ||
| 999 | |c 322661 |d 322659 | ||
| 040 | |c Pontificia Universidad Católica de Valparaíso | ||
| 082 | 0 | 4 | |a 932 BUD 1913 |2 21 |
| 100 | |a Wallis Budge, Ernest Alfred |9 516815 | ||
| 245 | 1 | 4 | |a The Book of the Dead: the papyrus of Ani. |
| 246 | |b A reproduction in facsimile edited, with hieroglyphic transcript, translation and Introduction, by Sir E. A. Wallis Budge, M. A., Litt. D., keeper of the Egyptian and Assyrian Antiquities in the British Museum. Published by permission of the trustees of the British Museum | ||
| 260 | 0 | 3 | |a London, England, United Kingdom |b The Medici Society, Ltd |c 1913 |
| 300 | |a 2 volúmenes. | ||
| 490 | 0 | |a The Book of the Dead | |
| 500 | |a Ilustraciones y reproducciones conforme a lo señalado en índices | ||
| 583 | |a last modification |c 20130712 06:36:56 |k Rodrigo Vera | ||
| 600 | 0 | 7 | |a PAPIRO DE ANI |2 CL-VaPUC |9 513416 |
| 650 | 7 | |a EGIPTOLOGIA |2 CL-VaPUC |9 265780 | |
| 650 | 0 | |a Arqueología |9 265619 | |
| 650 | 0 | |a Fuentes Históricas |9 265141 | |
| 650 | 7 | |a PAPIROS |2 CL-VaPUC |9 318278 | |
| 650 | 7 | |a GEROGLIFICOS |2 CL-VaPUC |9 513417 | |
| 650 | 0 | |a Paleografía |9 264942 | |
| 650 | 0 | |a Mitología |9 255719 | |
| 650 | 7 | |a RITOS Y CEREMONIAL |2 CL-VaPUC |9 512928 | |
| 650 | 7 | |a FACSIMILES |2 CL-VaPUC |9 460925 | |
| 651 | 0 | |a Egipto |9 268199 | |
| 942 | |c BK |2 ddc | ||
| 945 | |d 20070124 00:00:00 |a rinostro | ||
| 952 | |0 0 |1 0 |4 0 |6 932_000000000000000_BUD_1913 |7 0 |8 X |9 401709 |a FDOBUD |b FDOBUD |d 2019-11-22 |h v.1 |i 1049585 |o 932 BUD 1913 |p 1049585 |r 2019-11-22 |t 1 |w 2019-11-22 |y BK_X |k BUD | ||
| 952 | |0 0 |1 0 |4 0 |6 932_000000000000000_BUD_1913 |7 0 |8 X |9 401710 |a FDOBUD |b FDOBUD |d 2019-11-22 |h v.2 |i 1049593 |o 932 BUD 1913 |p 1049593 |r 2019-11-22 |t 1 |w 2019-11-22 |y BK_X |k BUD | ||